| 000 | 005080000a22001930004500 | ||
|---|---|---|---|
| 001 | 003489 | ||
| 003 | MACL | ||
| 005 | 20150910141827.0 | ||
| 008 | 150910b xxu||||| |||| 00| 0 eng d | ||
| 040 |
_aMACL _cMACL |
||
| 041 | _aEnglish | ||
| 082 | _a821/VAJ | ||
| 100 |
_aCour, Ajeet _9653 |
||
| 245 |
_aBeyond Borders _bAn anthology of Saarc Poetry _cAjeet Cour |
||
| 260 |
_aDelhi _c2004 _bFoundation of Saarc Writers and Literater, |
||
| 350 | _a150 | ||
| 650 |
_aLiterature _99907 |
||
| 942 |
_k821 _cBK _2ddc |
||
| 999 |
_c15389 _d15389 |
||